| 000 | 01044nam a22002417a 4500 | ||
|---|---|---|---|
| 005 | 20170818104026.0 | ||
| 010 | _a1617EN ENG-117174 | ||
| 020 |
_a9789385493010 _c325.00 |
||
| 035 | _aB-652411-438 | ||
| 035 | _aB-667519 | ||
| 035 | _aEN-100706 | ||
| 037 |
_bKBD _adpl |
||
| 037 | _bDBAD/PUB | ||
| 082 | _a320.54 | ||
| 245 |
_aRathore Indian polity / _cedited by Kunwar Ishwar Singh Rathore |
||
| 260 |
_aNew Delhi _bRathore Publishers & Distributors _c2016 |
||
| 270 |
_a202,2nd floor, 4832/24 Ansari Road, Daryaganj _bNew Delhi _e110002 |
||
| 300 |
_a399p. _c24cm(pbk) |
||
| 700 | _dRathore, Kunwar Ishwar Singh | ||
| 942 |
_2ddc _cEN _h320.54 _mRAT |
||
| 999 |
_c102463 _d102463 |
||